| 000 -ლიდერი |
| ფიქსირებული სიგრძის საკონტროლო ველი |
01903nam a22002657a 4500 |
| 003 - საკონტროლო ნომრის იდენტიფიკატორი |
| საკონტროლო ველი |
Ge_BSU |
| 005 - ბოლო ოპერაციის თარიღი და დრო |
| საკონტროლო ველი |
20220629121602.0 |
| 008 - ფიქსირებული სიგრძის მონაცემთა ელემენტები - ზოგადი ინფორმაცია |
| ფიქსირებული სიგრძის საკონტროლო ველი |
220629s2021 ge ||||| |||| 00| 0 geo d |
| 020 ## - წიგნის საერთაშორისო სტანდარტული ნომერი |
| International Standard Book Number |
9789941835094 |
| 041 ## - ენის კოდი |
| Language code of text/sound track or separate title |
geo |
| 080 ## - უნივერსალური ათობითი კლასიფიკაციის ინდექსი |
| Universal Decimal Classification number |
342(075.8) +341.231.14 მ-91 |
| 100 ## - მთავარი ჩანაწერი - პიროვნების სახელი |
| Personal name |
მუხიგული, ქეთევან |
| 9 (RLIN) |
9733 |
| 245 ## - ცნობა სათაურის შესახებ |
| Title |
მასწავლებლის გზამკვლევი : |
| Remainder of title |
პროფესიული საგანმანათლებლო დაწესებულების სამოქალაქო განათლების კურსი / |
| Statement of responsibility, etc |
ქეთევან მუხიგული, თამარ ქარაია ; რედაქტორები: ლელა ჯავახიშვილი, დავით ღონღაძე ; დიზაინერი და დამკაბადონებელი ნუგზარ არჩემაშვილი. |
| 264 ## - წარმოების, გამოცემის, დისტრიბუციის და სხვა ცნობები |
| გამოცემის, წარმოების, დისტრიბუციის... ადგილი |
თბილისი : |
| გამოცემის, წარმოების, დისტრიბუციის... სახელწოდება |
საარჩევნო სისტემათა საერთაშორისო ფონდი (IFES), |
| გამოცემის, წარმოების, დისტრიბუციის... თარიღი |
2021. |
| 300 ## - ფიზიკური აღწერა |
| Extent |
126 გვ. ; |
| Other physical details |
24 სმ. |
| 504 ## - BIBLIOGRAPHY, ETC. NOTE |
| Bibliography, etc |
ბიბლიოგრაფია: გვ. 123-125. |
| 653 ## - INDEX TERM--UNCONTROLLED |
| Uncontrolled term |
სახელმწიფო სამართალი. |
| 653 ## - INDEX TERM--UNCONTROLLED |
| Uncontrolled term |
ადამიანის უფლებები. |
| 700 ## - ADDED ENTRY--PERSONAL NAME |
| Personal name |
ქარაია, თამარ |
| Relator term |
ავტორი |
| 9 (RLIN) |
9735 |
| 700 ## - ADDED ENTRY--PERSONAL NAME |
| Personal name |
ჯავახიშვილი, ლელა |
| Relator term |
რედაქტორი |
| 9 (RLIN) |
14241 |
| 700 ## - ADDED ENTRY--PERSONAL NAME |
| Personal name |
ღონღაძე, დავით |
| Relator term |
რედაქტორი |
| 9 (RLIN) |
14242 |
| 700 ## - ADDED ENTRY--PERSONAL NAME |
| Personal name |
არჩემაშვილი, ნუგზარ |
| Relator term |
დიზაინერი |
| 9 (RLIN) |
14243 |
| 856 ## - ELECTRONIC LOCATION AND ACCESS |
| Uniform Resource Identifier |
https://www.interbusiness.edu.ge/e-books/3903330c76ebb502e4fae85ef2ff71b1.pdf |
| Link text |
ელ. ვერსია. pdf |
| 942 ## - ADDED ENTRY ELEMENTS (KOHA) |
| Source of classification or shelving scheme |
|
| Koha item type |
წიგნი |